000
00233nam a2200097Ia 4500
008
230508s1998 xx 000 0 und d
041
_a
eng
100
_a
SCHARFF & DUFFY
245
_a
MOTOR AUTOBODY REPAIR
260
_b
DELMAR PUB
_c
1998
999
_c
739240
_d
739240